01231nam a2200373 i 450000100060000000300090000600500170001500800390003201500170007104000280008804600090011608000080012508000120013310000320014524500670017726000650024430000420030933600270035133700540037833800280043238000160046038000270047638500320050338800140053538800140054950400140056352100410057765000150061865000250063365800310065871000450068970000250073485600980075916033KOSZ 00520221117084109.0070108s1974 pl a f f |000 0 pol aPB 1974/9116 aWA NcWA NdKOSZ 005/HR k1974 a697 a(075.3)1 aGasiński, Tadeusz.eAutor10aOgrzewnictwo i wietrzenie /cTadeusz Gasiński, Igor Pieskow. a[Warszawa] :bWydawnictwa Szkolne i Pedagogiczne,cdr. 1974. a635 s., [4] k. tabl. :bil. ;c23 cm. 2rdacontentaTekstbtxt 2rdamediaaBez urządzenia pośredniczącegobn 2rdacarrieraWoluminbnc aKsiążki aPublikacje dydaktyczne mPoziom nauczaniaaTechnikum a1901-2000 a1945-1989 aBibliogr.8 aDla kl. 2 i 3 technikum budowlanego. aWentylacja aOgrzewanie centralne aArchitektura i budownictwo2 aWydawnictwa Szkolne i Pedagogiczne4pbl.1 aPieskow, IgoreAutor uhttp://koha.tu.koszalin.pl/cgi-bin/koha/opac-detail.pl?biblionumber=16033yKatalog online BPK